Υμνος και θρήνος για την Κύπρο

Αποθηκεύτηκε σε:
Λεπτομέρειες βιβλιογραφικής εγγραφής
Κύριος συγγραφέας: Ρίτσος, Γιάννης, 1909-1990
Μορφή: Βιβλίο
Γλώσσα:Greek
Δημοσίευση: Καρλόβασι Σάμου : Κέδρος, 1974
Έκδοση:3η εκδ.
Θέματα:
Ετικέτες: Προσθήκη ετικέτας
Δεν υπάρχουν, Καταχωρήστε ετικέτα πρώτοι!

MARC

LEADER 00000nam a2200000 i 4500
001 1/42137
008 971205s1974 gre d
035 |a 1997  |c ΔΩΡΕΑ  |l 10041685 
040 |a GR-MY-UA  |b gre  |e aacr 
041 0 |a gre 
082 0 |a 889.1 
100 1 |a Ρίτσος, Γιάννης,   |d 1909-1990. 
245 1 0 |a Υμνος και θρήνος για την Κύπρο /  |c Γιάννης Ρίτσος 
250 |a 3η εκδ. 
260 |a Καρλόβασι Σάμου :   |b Κέδρος,   |c 1974 
300 |a 10 σ.;  |c 21 cm. 
650 0 0 |a Greek poetry. 
852 |a INST  |b SAMOS  |e 19971205  |h 889.1 ΡΙΤ  |p 005300012002  |q 005300012002  |t BK  |y 0 
901 |a BIBL-1997-2 
909 |a Σ  |b 051128